UBT Library

ENCYCLOPEDIA OF GLOBAL RESOURCES (Record no. 59744)

000 -LEADER
fixed length control field 00341nam a22001457a 4500
008 - FIXED-LENGTH DATA ELEMENTS--GENERAL INFORMATION
fixed length control field 230516b ||||| |||| 00| 0 eng d
020 ## - INTERNATIONAL STANDARD BOOK NUMBER
International Standard Book Number 9781587656446
041 ## - LANGUAGE CODE
Language code of text/sound track or separate title eng
080 ## - UNIVERSAL DECIMAL CLASSIFICATION NUMBER
Edition identifier VOLUME 1,2,3,4
Universal Decimal Classification number 101
082 ## - DEWEY DECIMAL CLASSIFICATION NUMBER
Classification number 101ALL
100 ## - Rafti
Rafti 44
101 ## - Shkurtesa
Shkurtesa ENCI
245 ## - TITLE STATEMENT
Title ENCYCLOPEDIA OF GLOBAL RESOURCES
Statement of responsibility, etc ALLIN.W.C
942 ## - ADDED ENTRY ELEMENTS (KOHA)
Source of classification or shelving scheme
Item type Books
Holdings
Withdrawn status Lost status Source of classification or shelving scheme Damaged status Not for loan Collection code Permanent location Current location Date acquired Total Checkouts Full call number Barcode Date last seen Price effective from Koha item type
          Koleksioni i përgjithshem UBT - Lipjan UBT - Lipjan 05/16/2023   101ALL 002-800080244 05/16/2023 05/16/2023 Books
          Koleksioni i përgjithshem UBT - Lipjan UBT - Lipjan 05/16/2023   101ALL 002-800080245 05/16/2023 05/16/2023 Books
          Koleksioni i përgjithshem UBT - Lipjan UBT - Lipjan 05/16/2023   101ALL 002-800080246 05/16/2023 05/16/2023 Books
          Koleksioni i përgjithshem UBT - Lipjan UBT - Lipjan 05/16/2023   101ALL 002-800080247 05/16/2023 05/16/2023 Books
UBT Library © 2015-2024. All rights reserved University Education for Business and Technology